000
00269nam a2200121Ia 4500
008
241002s9999 xx 000 0 und d
082
_a
808.3 TOL
100
_a
Tolstoy, Leo
245
0
_a
War and Peace
260
_a
Bombay:
_c
1956
600
_a
Literature
942
_c
UC
999
_c
18912
_d
18912